000 00345nam a22001337a 4500
005 20251108175621.0
008 250721s2018 xx 000 0 ara d
082 1 4 _aط/ق/ثعل
245 1 0 _aالثعلب المخادع والدجاجة الحمراء /
264 _bHAT،
_c2018.
300 _a31ص.
942 _2ddc
_cBK
999 _c138382
_d138382